| 000 | 00771nam a22002417a 4500 | ||
|---|---|---|---|
| 005 | 20170124110208.0 | ||
| 010 | _aB-036174 | ||
| 020 | _c225.00 | ||
| 035 | _aB-036174 | ||
| 037 | _bCen Lib/Ret | ||
| 040 |
_aDPL _bEN |
||
| 082 |
_a000 _bARO |
||
| 100 |
_aArora, R.S. _936341 |
||
| 245 |
_aAcademics B.I.T/B.I.S./B.C.A : _cby R.S. Arora, B.R. Kishore [and] V. Dhawan _badmition test kit / |
||
| 260 |
_aNew Delhi _bAcademic Publishers _c2001 |
||
| 270 |
_bNew Delhi _aB-9, rattan jyoti, 18 rajendra place _e110008 |
||
| 300 |
_avarious pagings _c27cm(Hb) |
||
| 650 |
_aGeneralia _93517 |
||
| 650 |
_aEntrance Books (BIT, BIS BCA) _937808 |
||
| 700 |
_aKishore, B.R. _912346 |
||
| 700 |
_aDhawan, V. _937809 |
||
| 942 |
_2ddc _cEN _h000 _mARO |
||
| 999 |
_c133389 _d133389 |
||